000 00988nam2a2200205 4500
001 RU\NLR\PER_A\002664263_001030
005 20250623224141.0
035 _a(NLR Aleph) 012191159
090 _a12297532
_c12297532
100 _a20200129d2019 |||y0rusy50 ca
101 0 _arus
102 _aRU
200 0 _a2019, № 5 (67)
210 _d2019
_aБ. м.
461 0 _1001RU\NLR\Per\489287
_12001#$aВестник Высшей квалификационной коллегии судей Российской Федерации$v2019, № 5 (67)
_93986994
_aВысшая квалификационная коллегия судей Российской Федерации
_cМосква
_d2005 -
_nЮридическая литература
_tВестник Высшей квалификационной коллегии судей Российской Федерации
_x1993-1662
_v2019, № 5 (67)
852 _aNLR
_jП23/6484
942 _cISSUE
980 _aNB
980 _aRUSPER